Polska na MŚ 2018 - Statystyki

Ogólne statystyki
  • Ten quiz został rozwiązany 603 razy
  • Średni wynik to 19 z 24
Statystyki odpowiedzi
Hint Odpowiedź % Poprawnych
9 Bayern Monachium Robert Lewandowski
99%
1 Juventus Turyn Wojciech Szczęsny
99%
7 Napoli Arkadiusz Milik
97%
19 Napoli Piotr Zieliński
97%
15 AS Monaco Kamil Glik
95%
11 Hull City Kamil Grosicki
94%
20 Borussia Dortmund Łukasz Piszczek
94%
10 West Bromwich Albion Grzegorz Krychowiak
93%
5 Southampton Jan Bednarek
92%
16 VFL Wolfsburg Jakub Błaszczykowski
90%
22 Swansea City Łukasz Fabiański
90%
3 Legia Warszawa Artur Jędrzejczyk
87%
13 Lokomotiv Moskwa Maciej Rybus
87%
2 Legia Warszawa Michał Pazdan
86%
Trener Adam Nawałka
82%
4 Spal Thiago Cionek
80%
18 Sampdoria Genua Bartosz Bereszyński
79%
14 Anderlecht Bruksela Łukasz Teodorczyk
75%
8 Sampdoria Genua Karol Linetty
74%
17 Lechia Gdańsk Sławomir Peszko
59%
6 Ludogorec Razgrad Jacek Góralski
58%
23 Sampdoria Genua Dawid Kownacki
49%
12 Ipswich Town Bartosz Białkowski
47%
21 Górnik Zabrze Rafał Kurzawa
44%
Nie znaleziono quizów pasujących do podanych kryteriów
Rozkład punktacji
Procent ludzi z każdym wynikiem
Percentyl według liczby udzielonych odpowiedzi
Twoja historia wyników
Nie rozwiązałeś tego quizu